000 01563nam a22001577a 4500
041 _aukr
080 _a09
090 _bШЕЯ
100 _aШеянова О.С.
245 _aПсихолінгвістичні особливості вираження емотивного компоненту в англомовній рекламі "Coca-Cola"
260 _aОстрог
_bКАФ
_c2013
300 _a64
520 _aРозділ 1. Психолінгвістичні особливості рекламного дискурсу. 1.1. Функціонально-стильові особливості рекламного тексту. 1.2. Психолінгвістичні особливості англомовної картини світу. Розділ 2. Лінгвокогнітивні особливості рекламного дискурсу (на прикладі реклами coca-cola) 2.1. Семантичні особливості англомовної реклами. 2.2. Лінгвостилістичні особливості реклами Coca-Cola. Розділ 3. Розвиток охорони праці в Україні. 3.1. Основні етапи розвитку охорони праці. 3.2. Основні положення Закону України "Про охорону праці". 3.3. Сучасний етап охорони праці в Україні та за кордоном.
_0Реклама, психолінгвістика, coca-cola
650 _aResearch Papers
999 _c285036
_d285036
942 _cBK